| 000 | 00501nam a2200169Ia 4500 | ||
|---|---|---|---|
| 999 |
_c929 _d929 |
||
| 003 | OSt | ||
| 005 | 20210816145749.0 | ||
| 008 | 190216s9999||||xx |||||||||||||| ||und|| | ||
| 040 | _coclc | ||
| 082 |
_a492.7 _bMUB/C |
||
| 100 |
_aMubarak, Jabir Amanath _98663 |
||
| 245 | 0 |
_aCommercial And Journalistic Arabic / _cJabir Amanath Mubarak |
|
| 260 |
_bTirurangadi Book Stall, _c2004. _aCalicut: |
||
| 300 | _a126p | ||
| 650 | _aArabic | ||
| 942 |
_cBK _2ddc _h492.7 _iMUB/C _k492.7 _mMUB/C |
||